La République démocratique du Viet-Nam, 1945-1960; (Record no. 53517)

MARC details
000 -LEADER
fixed length control field 00606cam a22002051 4500
001 - CONTROL NUMBER
control field sa 63000531
003 - CONTROL NUMBER IDENTIFIER
control field DLC
005 - DATE AND TIME OF LATEST TRANSACTION
control field 20260227111922.0
008 - FIXED-LENGTH DATA ELEMENTS--GENERAL INFORMATION
fixed length control field 780517s1960 vm a 000 0 fre
010 ## - LIBRARY OF CONGRESS CONTROL NUMBER
LC control number sa 63000531
035 ## - SYSTEM CONTROL NUMBER
System control number (OCoLC)3903283
040 ## - CATALOGING SOURCE
Original cataloging agency DLC
Transcribing agency DHU
Modifying agency OCoLC
-- DLC
042 ## - AUTHENTICATION CODE
Authentication code premarc
045 ## - TIME PERIOD OF CONTENT
Time period code x4x6
050 00 - LIBRARY OF CONGRESS CALL NUMBER
Classification number DS557.A7
Item number R4
245 03 - TITLE STATEMENT
Title La République démocratique du Viet-Nam, 1945-1960;
Remainder of title impressions de visiteurs étrangers.
260 ## - PUBLICATION, DISTRIBUTION, ETC.
Place of publication, distribution, etc. Hanoi,
Name of publisher, distributor, etc. Éditions en langues étrangères,
Date of publication, distribution, etc. 1960.
300 ## - PHYSICAL DESCRIPTION
Extent 94 p.
Other physical details illus.
Dimensions 19 cm.
651 #0 - SUBJECT ADDED ENTRY--GEOGRAPHIC NAME
Geographic name Vietnam (Democratic Republic)

No items available.

Powered by Koha